| 000 | 00585nam a22001817a 4500 | ||
|---|---|---|---|
| 005 | 20170728160319.0 | ||
| 010 | _aENG-119463 | ||
| 020 |
_a9788125063278 _c995.00 |
||
| 035 | _aEN-102995 | ||
| 037 | _bDBAD/PUB | ||
| 082 | _a618.178060954 | ||
| 100 | _aBhardwaj,Aditya | ||
| 245 |
_aConceptions : _cby Aditya Bhardwaj _bInfertility and procreative technologies in India / |
||
| 260 |
_aHydrabad _bOrient BlackSwan _c2017 |
||
| 270 |
_a3-6-752,Himayat Nagar _bHydrabad (Telagana) _e500029 |
||
| 300 |
_axvii,295p. _b22cm(Hb) |
||
| 942 |
_2ddc _cEN _mBHA _h618.178060954 |
||
| 999 |
_c142974 _d142974 |
||